000 00927aam a2200325 i 4500
999 _c46121
_d46121
001 768714001
003 CO-MdFUSB
005 20201028112524.0
007 ta
008 200518t1922 enk |||| |||| 00| 0 eng d
020 _a[No incluye ISBN]
040 _bspa.
_aCO-MdFUSB
_cCO-MdFUSB
_dCO-MdFUSBC
_erda
041 _aeng
082 _223
_a228.07
_bC476
100 1 _aCharles, R. H.
_eautor
245 1 0 _aLectures on the apocalypse
_c/ R. H. Charles
264 1 _aLondres :
_bOxford University Press,
_c[1922]
264 4 _c© 1922
300 _a80 páginas
_c; 25 cm
336 _atexto
_btxt
_2rdacontent
337 _2rdamedia
_asin mediación
_bn
338 _2rdacarrier
_avolumen
_bnc
490 _aSchweich lectures,
505 _aTres conferencias sobre el tema del apocalípsis
563 _aPasta dura
630 0 7 _aBiblia.
_pApocalipsis
942 _cBK
945 _aJTF-925